000 00646nam a22002297a 4500
003 UA-OsUOA
001 95998
007 ta
008 20130313b un ||||| |||| 00| 0 ukr d
100 _aКуприн А.
090 _a821.161.1
_bК92
942 _cBK
040 _aUA-OsUOA
_brus
_cUA-OsUOA
_dUA-OsUOA
245 _aЛистригоны
_bРассказы, очерки, воспоминания
300 _a350 с.
955 _a3
041 _arus
080 _a821.161.1
260 _aСимферополь
_bТаврия
_c1984
650 7 _a82 Література. Літературознавство
_2UDC
999 _c382244
_d382244